[Event "EU-ch Online U2300 Qual"]
[Site "Chess.com INT"]
[Date "2020.05.25"]
[Round "3"]
[White "Gevorgyan, Albert"]
[Black "Malczyk, Jakub"]
[Result "1-0"]
[WhiteElo "2170"]
[BlackElo "2024"]
[PlyCount "123"]
[EventDate "2020.05.25"]
[EventType "swiss"]
[EventRounds "8"]
[EventCountry "NET"]
[SourceTitle "EXT 2021"]
[Source "ChessBase"]
[SourceDate "2020.10.23"]
[SourceVersion "1"]
[SourceVersionDate "2020.10.23"]
[SourceQuality "1"]

1. Nf3 d5 2. d4 c6 3. c4 e6 4. Nc3 f5 5. Bf4 Nf6 6. e3 Bd6 7. Bxd6 Qxd6 8. Bd3 Nbd7 9. 0-0 0-0 10. Rb1 Ne4 11. Qc2 h6 12. b4 g5 13. b5 g4 14. Nd2 Ndf6 15. bxc6 bxc6 16. cxd5 exd5 17. Rfc1 Bd7 18. Ne2 Nh5 19. Rb7 Rfb8 20. Rcb1 Rxb7 21. Rxb7 Bc8 22. Rb1 Bd7 23. Nf1 Re8 24. Qa4 f4 25. Bxe4 Rxe4 26. Qxa7 f3 27. Neg3 fxg2 28. Qb8+ Qxb8 29. Rxb8+ Re8 30. Rxe8+ Bxe8 31. Kxg2 Nf6 32. Nd2 Bd7 33. Ne2 Ne8 34. Nc1 Kf7 35. Nd3 Ke6 36. Nc5+ Kd6 37. Kg3 Nf6 38. Nxd7 Kxd7 39. Kf4 Ke6 40. Nb3 h5 41. Nc5+ Kd6 42. Kg5 g3 43. hxg3 Ng4 44. Kxh5 Nxf2 45. Kg5 Nd1 46. Kf4 Nc3 47. a4 Ne2+ 48. Kf3 Ng1+ 49. Kg2 Ne2 50. Kf2 Nc3 51. a5 Ke7 52. a6 Nb5 53. Kf3 Kf6 54. Kf4 Na7 55. g4 Nc8 56. Nd7+ Ke6 57. Nc5+ Kf6 58. g5+ Kg6 59. Nd7 Na7 60. Ne5+ Kg7 61. Kf5 Kf8 62. Kf6 1-0

[Event "Chateauroux op 15th"]
[Site "Chateauroux"]
[Date "2014.10.29"]
[Round "7"]
[White "Malczyk, Jakub"]
[Black "Legky, Nikolay A"]
[Result "0-1"]
[WhiteElo "2068"]
[BlackElo "2410"]
[PlyCount "26"]
[EventDate "2014.10.25"]
[EventType "swiss"]
[EventRounds "7"]
[EventCountry "FRA"]
[SourceTitle "EXT 2015"]
[Source "ChessBase"]
[SourceDate "2014.11.20"]
[SourceVersion "1"]
[SourceVersionDate "2014.11.20"]
[SourceQuality "1"]

1. c4 e6 2. Nc3 d5 3. d4 Nf6 4. e3 Be7 5. Nf3 0-0 6. Bd3 dxc4 7. Bxc4 a6 8. a4 c5 9. 0-0 Nc6 10. dxc5 Bxc5 11. e4 Qc7 12. Qe2 Ng4 13. h3 Nd4 0-1

[Event "Chateauroux op 15th"]
[Site "Chateauroux"]
[Date "2014.10.28"]
[Round "5"]
[White "Malczyk, Jakub"]
[Black "Trendowski, Michal"]
[Result "1-0"]
[WhiteElo "2068"]
[BlackElo "1569"]
[PlyCount "57"]
[EventDate "2014.10.25"]
[EventType "swiss"]
[EventRounds "7"]
[EventCountry "FRA"]
[SourceTitle "EXT 2015"]
[Source "ChessBase"]
[SourceDate "2014.11.20"]
[SourceVersion "1"]
[SourceVersionDate "2014.11.20"]
[SourceQuality "1"]

1. c4 g6 2. Nc3 Bg7 3. d4 Nf6 4. e4 d6 5. h3 0-0 6. Bg5 c5 7. d5 a6 8. a4 e6 9. Bd3 exd5 10. cxd5 Qa5 11. Nge2 Nbd7 12. f4 c4 13. Bc2 Nc5 14. Qd2 Re8 15. Bxf6 Bxf6 16. 0-0 Qb6 17. Kh1 Bd7 18. a5 Qc7 19. Nd4 Nb3 20. Nxb3 cxb3 21. Bd3 Bxc3 22. bxc3 Rac8 23. c4 Qc5 24. Qb2 f5 25. exf5 Bxf5 26. Bxf5 gxf5 27. Rf3 Qxc4 28. Rg3+ Kf8 29. Qg7# 1-0

[Event "Chateauroux op 15th"]
[Site "Chateauroux"]
[Date "2014.10.26"]
[Round "2"]
[White "Labbe, Georges"]
[Black "Malczyk, Jakub"]
[Result "0-1"]
[WhiteElo "1819"]
[BlackElo "2068"]
[PlyCount "36"]
[EventDate "2014.10.25"]
[EventType "swiss"]
[EventRounds "7"]
[EventCountry "FRA"]
[SourceTitle "EXT 2015"]
[Source "ChessBase"]
[SourceDate "2014.11.20"]
[SourceVersion "1"]
[SourceVersionDate "2014.11.20"]
[SourceQuality "1"]

1. e4 d5 2. exd5 Qxd5 3. Nc3 Qd6 4. d4 Nf6 5. Nf3 a6 6. a4 Bg4 7. Be2 Nc6 8. Be3 e6 9. h3 Bh5 10. Qd2 Be7 11. 0-0 0-0 12. Rfe1 Bg6 13. Bd3 Qb4 14. Bxg6 hxg6 15. b3 Rad8 16. Qd3 e5 17. d5 e4 18. Qc4 Na5 0-1

[Event "Chateauroux op 15th"]
[Site "Chateauroux"]
[Date "2014.10.25"]
[Round "1"]
[White "Malczyk, Jakub"]
[Black "Rogier, Jean Louis"]
[Result "1-0"]
[WhiteElo "2068"]
[BlackElo "1685"]
[PlyCount "65"]
[EventDate "2014.10.25"]
[EventType "swiss"]
[EventRounds "7"]
[EventCountry "FRA"]
[SourceTitle "EXT 2015"]
[Source "ChessBase"]
[SourceDate "2014.11.20"]
[SourceVersion "1"]
[SourceVersionDate "2014.11.20"]
[SourceQuality "1"]

1. d4 d5 2. c4 c6 3. Nc3 Nf6 4. e3 Bf5 5. Nf3 e6 6. Ne5 Nbd7 7. f4 Nxe5 8. fxe5 Ne4 9. Nxe4 Bxe4 10. Qg4 Bb4+ 11. Bd2 Qa5 12. Rd1 Bc2 13. Bxb4 Qxb4+ 14. Rd2 Qxb2 15. Qd1 Bxd1 16. Rxb2 Ba4 17. Rxb7 0-0 18. Rb4 Bc2 19. Kd2 Be4 20. Bd3 a5 21. Rb6 Bxg2 22. Rg1 dxc4 23. Rxg2 cxd3 24. Kxd3 Rfc8 25. Rc2 Kf8 26. Rbxc6 Rxc6 27. Rxc6 Ra7 28. a4 g5 29. e4 h5 30. d5 Ke7 31. Rb6 g4 32. Ke3 Rc7 33. d6+ 1-0

[Event "Rewal op-B 19th"]
[Site "Rewal"]
[Date "2014.08.19"]
[Round "1"]
[White "Malczyk, Jakub"]
[Black "Litner, Igor"]
[Result "1-0"]
[WhiteElo "2082"]
[BlackElo "1799"]
[PlyCount "79"]
[EventDate "2014.08.19"]
[EventType "swiss"]
[EventRounds "9"]
[EventCountry "POL"]
[SourceTitle "EXT 2015"]
[Source "ChessBase"]
[SourceDate "2014.11.20"]
[SourceVersion "1"]
[SourceVersionDate "2014.11.20"]
[SourceQuality "1"]

1. d4 Nf6 2. Nf3 e6 3. Bf4 b6 4. e3 Bb7 5. Be2 d6 6. h3 Nbd7 7. 0-0 Be7 8. c4 0-0 9. Nc3 c5 10. d5 exd5 11. cxd5 a6 12. a4 Re8 13. e4 Nf8 14. Nd2 Ng6 15. Bh2 Bf8 16. Re1 Qd7 17. Nc4 Qc7 18. Bf1 Bc8 19. f4 Bd7 20. e5 b5 21. axb5 axb5 22. Rxa8 Rxa8 23. Nxd6 Bxd6 24. Bxb5 Qb6 25. Bxd7 Nxd7 26. exd6 Qxb2 27. Qc1 Qb6 28. f5 Ngf8 29. Ne4 Ra2 30. Kh1 Qb3 31. Qd1 Qb2 32. Qg4 c4 33. f6 g6 34. Bf4 c3 35. Bc1 Qc2 36. Qg3 Ra5 37. Qg5 Ra2 38. Qg3 Ra5 39. Qe3 Ra2 40. Rg1 1-0

[Event "Ketrzyn op-A 11th"]
[Site "Ketrzyn"]
[Date "2008.12.27"]
[Round "2.3"]
[White "Malczyk, Jakub"]
[Black "Dlugosz, Jedrzej"]
[Result "0-1"]
[WhiteElo "2062"]
[BlackElo "2315"]
[PlyCount "61"]
[EventDate "2008.12.27"]
[EventType "swiss"]
[EventRounds "9"]
[EventCountry "POL"]
[SourceTitle "EXT 2023"]
[Source "ChessBase"]
[SourceDate "2022.10.05"]
[SourceVersion "1"]
[SourceVersionDate "2022.10.05"]
[SourceQuality "1"]

1. d4 g6 2. Nf3 Nf6 3. Bf4 Bg7 4. h3 0-0 5. e3 d6 6. Be2 Nfd7 7. 0-0 e5 8. Bh2 Nc6 9. c3 f5 10. dxe5 dxe5 11. Na3 a6 12. Qc2 Qe7 13. Rad1 Kh8 14. Nc4 b5 15. Ncd2 Nb6 16. a3 Be6 17. c4 e4 18. cxb5 exf3 19. Nxf3 Na7 20. Qxc7 Qxc7 21. Bxc7 Nd5 22. b6 Nxc7 23. bxc7 Nb5 24. Ng5 Bg8 25. Rd7 Rac8 26. b4 Nxc7 27. a4 Ne6 28. Nf3 Rb8 29. Rb1 Nc5 30. Ra7 Nxa4 31. Bxa6 0-1

[Event "POL-chT 2nd League"]
[Site "Wysowa"]
[Date "2007.09.10"]
[Round "8"]
[White "Czartoryski, Pawel"]
[Black "Malczyk, Jakub"]
[Result "1-0"]
[WhiteElo "2066"]
[BlackElo "2050"]
[PlyCount "139"]
[EventDate "2007.09.03"]
[EventType "team-swiss"]
[EventRounds "9"]
[EventCountry "POL"]
[SourceTitle "EXT 2010"]
[Source "ChessBase"]
[SourceDate "2010.11.25"]
[SourceVersion "1"]
[SourceVersionDate "2010.11.25"]
[SourceQuality "1"]
[WhiteTeam "Olsztyn AZS UMW"]
[BlackTeam "Olsztyn Trzydziestka"]
[WhiteTeamCountry "POL"]
[BlackTeamCountry "POL"]

1. d4 d5 2. c4 c6 3. Nc3 Nf6 4. Nf3 e6 5. Bg5 Nbd7 6. Qc2 Qa5 7. Nd2 Bb4 8. Bxf6 Nxf6 9. e3 0-0 10. Bd3 dxc4 11. Nxc4 Qh5 12. Qe2 Qh6 13. a3 Be7 14. b4 Nd5 15. Rc1 g5 16. g3 Qg7 17. h4 g4 18. h5 f5 19. h6 Qf6 20. Ne5 a5 21. Nxd5 exd5 22. Qb2 Bd6 23. Be2 axb4 24. axb4 Re8 25. Nd3 Re7 26. Kf1 Bd7 27. Kg2 b6 28. Nf4 Bxf4 29. gxf4 Be8 30. Bd1 Rea7 31. Bb3 Qe7 32. Qb1 Qd7 33. Qc2 b5 34. Rb1 Qe6 35. Qd3 Bg6 36. Rhc1 Be8 37. Rh1 Kf8 38. Bc2 Bg6 39. Bb3 Ra3 40. Rhc1 Be8 41. Rc3 Bd7 42. Rh1 Qg6 43. Rcc1 Ke7 44. Kg3 Rf8 45. Qc3 Qe6 46. Qc5+ Qd6 47. Qxd6+ Kxd6 48. Rb1 Rf6 49. f3 Rg6 50. fxg4 Rxg4+ 51. Kf3 Rg6 52. Rh2 Ra8 53. Rbh1 Rag8 54. Bc2 Ke7 55. Ra1 Rf8 56. Ra7 Kd6 57. Rh5 Rgf6 58. Bd3 Rg8 59. Rg5 Rd8 60. Rh5 Re8 61. Rb7 Ra8 62. Rg5 Rd8 63. Rh5 Rdf8 64. Ra7 Bc8 65. Rh2 R6f7 66. Rha2 Rxa7 67. Rxa7 Bd7 68. Ra6 Ke7 69. Ra7 Rf6 70. Kg3 1-0

[Event "POL-chT 2nd League"]
[Site "Wysowa"]
[Date "2007.09.03"]
[Round "1"]
[White "Malczyk, Jakub"]
[Black "Steczek, Marcin"]
[Result "1-0"]
[WhiteElo "2050"]
[BlackElo "2352"]
[PlyCount "57"]
[EventDate "2007.09.03"]
[EventType "team-swiss"]
[EventRounds "9"]
[EventCountry "POL"]
[SourceTitle "EXT 2010"]
[Source "ChessBase"]
[SourceDate "2010.11.25"]
[SourceVersion "1"]
[SourceVersionDate "2010.11.25"]
[SourceQuality "1"]
[WhiteTeam "Olsztyn Trzydziestka"]
[BlackTeam "Konin Hetman"]
[WhiteTeamCountry "POL"]
[BlackTeamCountry "POL"]

1. d4 Nf6 2. Nf3 e6 3. Bf4 c5 4. c3 cxd4 5. cxd4 Qb6 6. Qc1 Nc6 7. e3 h6 8. h3 d6 9. Be2 Be7 10. 0-0 0-0 11. Nc3 Bd7 12. Qd2 Rac8 13. Rfc1 Na5 14. b3 Rfd8 15. e4 d5 16. exd5 Nxd5 17. Nxd5 exd5 18. Ne5 Be6 19. Bd3 Bf6 20. Be3 Rxc1+ 21. Rxc1 Rc8 22. Rxc8+ Bxc8 23. f4 Nc6 24. Kh1 Qd8 25. g4 Nxe5 26. dxe5 d4 27. Bxd4 Qd5+ 28. Kh2 Bd7 29. Bc4 1-0

[Event "Rewal op-A 12th"]
[Site "Rewal"]
[Date "2007.08.27"]
[Round "7"]
[White "Malczyk, Jakub"]
[Black "Walas, Aleksandra"]
[Result "1-0"]
[WhiteElo "2050"]
[BlackElo "1884"]
[PlyCount "47"]
[EventDate "2007.08.20"]
[EventType "swiss"]
[EventRounds "9"]
[EventCountry "POL"]
[SourceTitle "CBM 120 Extra"]
[Source "ChessBase"]
[SourceDate "2007.11.01"]
[SourceVersion "1"]
[SourceVersionDate "2007.11.01"]
[SourceQuality "1"]

1. d4 f5 2. Bg5 g6 3. e3 Bg7 4. Nf3 d6 5. c3 Nf6 6. Nbd2 0-0 7. Bh4 Kh8 8. Bc4 h6 9. 0-0 e6 10. Bxf6 Qxf6 11. e4 Nd7 12. Qe2 e5 13. dxe5 Nxe5 14. Nxe5 Qxe5 15. f4 Qc5+ 16. Kh1 fxe4 17. Nxe4 Qb6 18. Ng3 Bd7 19. Bd3 d5 20. Qc2 Bb5 21. Bxb5 Qxb5 22. Qxg6 Qxb2 23. Nh5 Rg8 24. Nf6 1-0

[Event "Rewal op-A 12th"]
[Site "Rewal"]
[Date "2007.08.21"]
[Round "1"]
[White "Malczyk, Jakub"]
[Black "Smirnov, Aleksander"]
[Result "0-1"]
[WhiteElo "2050"]
[BlackElo "2247"]
[PlyCount "72"]
[EventDate "2007.08.20"]
[EventType "swiss"]
[EventRounds "9"]
[EventCountry "POL"]
[SourceTitle "CBM 120 Extra"]
[Source "ChessBase"]
[SourceDate "2007.11.01"]
[SourceVersion "1"]
[SourceVersionDate "2007.11.01"]
[SourceQuality "1"]

1. d4 d5 2. Nf3 Nf6 3. Bf4 e6 4. e3 c5 5. c3 Nc6 6. Bd3 Be7 7. Nbd2 a6 8. h3 b5 9. b3 Bb7 10. 0-0 Rc8 11. Ne5 0-0 12. Nxc6 Rxc6 13. a4 b4 14. c4 cxd4 15. exd4 dxc4 16. Nxc4 g6 17. Be3 Qd5 18. f3 Rc7 19. Qd2 Qd8 20. Rfe1 Nd5 21. Bf2 Bg5 22. Qb2 Nf4 23. Bf1 Bf6 24. Rad1 Nd5 25. Bg3 Rc6 26. Ne5 Rc3 27. Nc4 Nb6 28. Nd6 Bd5 29. Rd3 Bh4 30. Bxh4 Qxh4 31. Ree3 Qf4 32. Ne4 Rxd3 33. Rxd3 Bxe4 34. fxe4 Qxe4 35. a5 Nd5 36. Qf2 Nc3 0-1

[Event "POL-ch U18"]
[Site "Leba"]
[Date "2004.04.04"]
[Round "11"]
[White "Malczyk, Jakub"]
[Black "Sypnicki, Dominik"]
[Result "0-1"]
[WhiteElo "2030"]
[BlackElo "2128"]
[PlyCount "156"]
[EventDate "2004.03.27"]
[EventType "swiss"]
[EventRounds "11"]
[EventCountry "POL"]
[SourceTitle "EXT 2005"]
[Source "ChessBase"]
[SourceDate "2004.11.15"]
[SourceVersion "1"]
[SourceVersionDate "2004.11.15"]
[SourceQuality "1"]

1. d4 Nf6 2. Bf4 c5 3. dxc5 Na6 4. c3 Nxc5 5. Nf3 a6 6. e3 g6 7. Be2 Bg7 8. 0-0 0-0 9. Qc2 d5 10. Nbd2 Bf5 11. Qd1 Nd3 12. Bxd3 Bxd3 13. Re1 Qb6 14. Qb3 Qxb3 15. axb3 Nd7 16. h3 h6 17. Bg3 Rfd8 18. b4 Rac8 19. Nb3 e5 20. Nc1 Bc4 21. Rd1 f6 22. Nd2 Bb5 23. Ncb3 g5 24. Na5 Rc7 25. Nab3 Be2 26. Re1 Bd3 27. Nc1 Bb5 28. Ndb3 Rcc8 29. Na5 Rb8 30. f3 Nb6 31. Bf2 Nc4 32. Nxc4 Bxc4 33. Ra3 Bf8 34. Nb3 Rbc8 35. Nd2 Bb5 36. Raa1 Kf7 37. Nb3 Rd7 38. Red1 Ke6 39. f4 Bd6 40. fxe5 fxe5 41. Rd2 Rf8 42. Bg3 Bc4 43. Na5 Bb5 44. Nb3 Be7 45. Rf2 Rdd8 46. Rxf8 Rxf8 47. Na5 b6 48. Nb3 Ra8 49. Bf2 Bd8 50. Nd2 Bd3 51. Bg3 Bc7 52. Nb3 Bd6 53. Nd2 a5 54. bxa5 Rxa5 55. Rxa5 bxa5 56. Bf2 a4 57. e4 Bxe4 58. Bb6 Bd3 59. Kf2 e4 60. g3 Be5 61. Bc5 h5 62. Bb6 h4 63. gxh4 gxh4 64. Nf1 a3 65. bxa3 Bxc3 66. Ne3 d4 67. Ng4 Kd5 68. a4 Kc6 69. a5 Kd5 70. Bd8 Bd2 71. Bb6 Bc3 72. Bd8 Bd2 73. Bb6 Bb5 74. Nf6+ Ke5 75. Ng4+ Kf4 76. Bc7+ Kg5 77. Bb6 e3+ 78. Nxe3 Bxe3+ 0-1

[Event "POL-ch U18"]
[Site "Leba"]
[Date "2004.04.03"]
[Round "10"]
[White "Krawczyk, Andrzej"]
[Black "Malczyk, Jakub"]
[Result "1-0"]
[WhiteElo "1956"]
[BlackElo "2030"]
[PlyCount "59"]
[EventDate "2004.03.27"]
[EventType "swiss"]
[EventRounds "11"]
[EventCountry "POL"]
[SourceTitle "EXT 2005"]
[Source "ChessBase"]
[SourceDate "2004.11.15"]
[SourceVersion "1"]
[SourceVersionDate "2004.11.15"]
[SourceQuality "1"]

1. e4 d5 2. exd5 Qxd5 3. Nc3 Qa5 4. d4 c6 5. Nf3 Nf6 6. Bd2 Bf5 7. Bc4 e6 8. Qe2 Nbd7 9. Nd5 Qd8 10. Nxf6+ gxf6 11. 0-0-0 Nb6 12. Bb3 Qd7 13. c4 0-0-0 14. Nh4 Bg6 15. Nxg6 hxg6 16. Ba5 Re8 17. Qf3 Bg7 18. Kb1 Kb8 19. Rd3 f5 20. Qg3+ Ka8 21. Bxb6 axb6 22. c5 f4 23. Qxf4 e5 24. Qg3 bxc5 25. dxe5 Qf5 26. f4 Bh6 27. Rf1 g5 28. Bc2 gxf4 29. Qe1 Qxe5 30. Rd8+ 1-0

[Event "POL-ch U18"]
[Site "Leba"]
[Date "2004.03.28"]
[Round "2"]
[White "Bartel, Michal"]
[Black "Malczyk, Jakub"]
[Result "1-0"]
[WhiteElo "2242"]
[BlackElo "2030"]
[PlyCount "73"]
[EventDate "2004.03.27"]
[EventType "swiss"]
[EventRounds "11"]
[EventCountry "POL"]
[SourceTitle "EXT 2005"]
[Source "ChessBase"]
[SourceDate "2004.11.15"]
[SourceVersion "1"]
[SourceVersionDate "2004.11.15"]
[SourceQuality "1"]

1. e4 e6 2. d4 d5 3. Nc3 Nf6 4. e5 Nfd7 5. Nce2 c5 6. c3 Nc6 7. Nf3 Qb6 8. g3 Be7 9. Bh3 cxd4 10. cxd4 Bb4+ 11. Kf1 Qc7 12. Nf4 Nd8 13. Nh5 Bf8 14. Be3 g6 15. Nf4 Nb6 16. b3 Be7 17. Rc1 Nc6 18. a4 a5 19. Ne1 Qd8 20. Ned3 0-0 21. Bg4 Re8 22. h4 Nb4 23. Nc5 Nd7 24. Ncxe6 fxe6 25. Nxe6 Qb6 26. Nc7 Rd8 27. Nxa8 Qa6+ 28. Kg1 Qxa8 29. h5 Nf8 30. hxg6 hxg6 31. Rc7 Nc6 32. Bxc8 Rxc8 33. Qf3 Rd8 34. Rxe7 Nxe7 35. Qf6 Nh7 36. Qxe7 Nf8 37. Qf6 1-0